Управление в условиях глобальных мировых трансформаций: экономика, политика, право (Запись № 11546435)

Подробности
000 -МАРКЕР
контрольное поле 02339nam0a2200421 4500
001 - ИДЕНТИФИКАТОР ЗАПИСИ
контрольное поле RU\NLR\BIBL_A\011734456
005 - ИДЕНТИФИКАТОР ВЕРСИИ
контрольное поле 20180702102158.0
010 ## - МЕЖДУНАРОДНЫЙ СТАНДАРТНЫЙ НОМЕР КНИГИ (ISBN)
Номер (ISBN) 978-5-9908082-3-2
Тираж 300
021 ## - НОМЕР ГОСУДАРСТВЕННОЙ РЕГИСТРАЦИИ
Код страны Российская Федерация
Номер КН-П-18-036441
Номер Листа государственной регистраци КН-П-18-2642
035 ## - ДРУГИЕ СИСТЕМНЫЕ НОМЕРА
Идентификатор записи (NLR Aleph) 011734456
035 ## - ДРУГИЕ СИСТЕМНЫЕ НОМЕРА
Идентификатор записи (RuMoRGB)009636736
100 ## - ДАННЫЕ ОБЩЕЙ ОБРАБОТКИ
Данные общей обработки 20180621d2018 k y0rusy50 ca
101 0# - ЯЗЫК РЕСУРСА
Язык текста, звукозаписи и т.д. русский
Язык резюме английский
102 ## - СТРАНА ПУБЛИКАЦИИ ИЛИ ПРОИЗВОДСТВА
Страна публикации Российская Федерация
105 ## - ПОЛЕ КОДИРОВАННЫХ ДАННЫХ: ТЕКСТОВЫЕ МАТЕРИАЛЫ, МОНОГРАФИЧЕСКИЕ
Кодированные данные о монографическом текстовом документе a z 000zy
200 1# - ЗАГЛАВИЕ И СВЕДЕНИЯ ОБ ОТВЕТСТВЕННОСТИ
Основное заглавие Управление в условиях глобальных мировых трансформаций: экономика, политика, право
Параллельное заглавие Management in the conditions of the global world transformations: economics, politics, law
Сведения, относящиеся к заглавию сборник научных трудов
Первые сведения об ответственности ФГАОУ ВО "Крымский федеральный университет", Севастопольский экономико-гуманитарный институт (филиал), ФГАОУ ВО "Северо-Кавказский федеральный университет"
Последующие сведения об ответственности [редакционная коллегия : Додонов Сергей Владимирович, кандидат экономических наук, доцент и др.]
Язык параллельного заглавия английский
210 ## - ПУБЛИКАЦИЯ, РАСПРОСТРАНЕНИЕ И ДР.
Место издания, распространения и т.д. Севастополь
Имя издателя, распространителя и т. д. [б. и.]
Место издания, распространения и т.д. Симферополь
Имя издателя, распространителя и т. д. КФУ им. В. И. Вернадского
Дата издания, распространения и т.д. 2018
215 ## - ФИЗИЧЕСКАЯ ХАРАКТЕРИСТИКА
Специфическое обозначение материала и объем 537 с.
Другие сведения о физической характеристике ил., табл.
Размеры 29
300 ## - ОБЩИЕ ПРИМЕЧАНИЯ
Текст примечания Рез. англ.
320 ## - ПРИМЕЧАНИЯ О НАЛИЧИИ В ДОКУМЕНТЕ БИБЛИОГРАФИИ / УКАЗАТЕЛЯ
Текст примечания Библиогр. в конце ст.
510 1# - ПАРАЛЛЕЛЬНОЕ ЗАГЛАВИЕ
Параллельное заглавие Management in the conditions of the global world transformations: economics, politics, law
Язык заглавия английский
606 1# - НАИМЕНОВАНИЕ ТЕМЫ КАК ПРЕДМЕТ
Наименование темы Экономика
Формальный подзаголовок Сборники
Системный номер авторитетной/нормативной записи 1414491
Идентификатор авторитетной/нормативной записи RU\NLR\AUTH\66284709
606 1# - НАИМЕНОВАНИЕ ТЕМЫ КАК ПРЕДМЕТ
Наименование темы Политика
Формальный подзаголовок Сборники
Системный номер авторитетной/нормативной записи 1273659
Идентификатор авторитетной/нормативной записи RU\NLR\AUTH\66206728
606 1# - НАИМЕНОВАНИЕ ТЕМЫ КАК ПРЕДМЕТ
Наименование темы Право
Формальный подзаголовок Сборники
Системный номер авторитетной/нормативной записи 894779
Идентификатор авторитетной/нормативной записи RU\NLR\AUTH\664055
686 ## - ИНДЕКСЫ ДРУГИХ КЛАССИФИКАЦИЙ
Индекс У9(2)я43
Код системы
686 ## - ИНДЕКСЫ ДРУГИХ КЛАССИФИКАЦИЙ
Индекс Х.я43
Код системы
686 1# - ИНДЕКСЫ ДРУГИХ КЛАССИФИКАЦИЙ
Индекс У.я43
686 1# - ИНДЕКСЫ ДРУГИХ КЛАССИФИКАЦИЙ
Индекс Х.я43
686 1# - ИНДЕКСЫ ДРУГИХ КЛАССИФИКАЦИЙ
Индекс Ф.я43
702 #1 - ИМЯ ЛИЦА - ВТОРИЧНАЯ ОТВЕТСТВЕННОСТЬ
Начальный элемент ввода Додонов
Часть имени, кроме начального элемента ввода С. В.
Расширение инициалов личного имени Сергей Владимирович
Код отношения Редактор
712 02 - НАИМЕНОВАНИЕ ОРГАНИЗАЦИИ - ВТОРИЧНАЯ ОТВЕТСТВЕННОСТЬ
Код отношения Прочие
Начальный элемент ввода Севастопольский экономико-гуманитарный институт
Системный номер авторитетной/нормативной записи 522051
Идентификатор авторитетной/нормативной записи RU\NLR\AUTH\880428787
942 ## - ДОПОЛНИТЕЛЬНЫЕ ЭЛЕМЕНТЫ ЗАПИСИ (АБИС)
Тип экземпляра АБИС Книга
980 ## - КОЛЛЕКЦИЯ
Название коллекции НБР
980 ## - КОЛЛЕКЦИЯ
Название коллекции Национальная библиография

Нет доступных экземпляров.